01130nam a2200289 a 450000100060000000300090000600800410001501500210005602000150007704000280009204100130012008200180013310000310015124502090018225000120039126000940040330000300049750000400052759100310056759600080059865000180060670000290062491700180065394200120067199900170068395201400070024261CO-ViMGA141112s2004 ck r 000 u spa d ack - 2001 - xxxx a9586990222 aCO-ViMGAbspacCO-ViMGA aspabeng04a658.802 S656m1 aSolomon, Michael R.93542710aMarketing : bpersonas reales, decisiones reales / cMichael R. Solomon, Elnora W. Stuart ; traducción Ricardo Hoyos Ballesteros, Jaime Colmenares Cobos , revisión técnica Christian Betancur Botero. a2a. ed. aBogotá : bPearson Educación de Colombia : bPrentice Hall, cAddison Wesley, c2001. axx, 594 p. : il. ; 28 cm. aIncluye índice al final del texto aB 8980 212650 Dep.leg 2001 a5 714aMercadeo95591 aStuart, Elnora W.935428 a2616 20010813 2ddccBK c32261d32261 00102ddc40708002aMEVIECARbMEVIECARd2015-12-04h08/mar/2012l0o658.802 S656m p24298r2017-09-13 00:00:00tEj. 1w2015-12-04yBK